Ensayos jurídicos sobre teoría del derecho (Registro nro. 727)
[ vista simple ]
| 000 -LEADER | |
|---|---|
| fixed length control field | 01468 a2200217 4500 |
| 001 - CONTROL NUMBER | |
| control field | 18208 |
| 005 - DATE AND TIME OF LATEST TRANSACTION | |
| control field | 20260407155459.0 |
| 008 - FIXED-LENGTH DATA ELEMENTS--GENERAL INFORMATION | |
| fixed length control field | 260407a2010 arg spa d |
| 003 - CONTROL NUMBER IDENTIFIER | |
| control field | AR-UNSa-BCEJYS |
| 040 ## - CATALOGING SOURCE | |
| Original cataloging agency | AR-UNSa-BCEJYS |
| Language of cataloging | spa |
| Transcribing agency | AR-UNSa-BCEJYS |
| 080 ## - UNIVERSAL DECIMAL CLASSIFICATION NUMBER | |
| Universal Decimal Classification number | 340.12 |
| Common auxiliary subdivision | Tendencias en la teoría del derecho. Escuelas, doctrinas jurídicas. Filosofía del derecho. Teorías sobre el Estado y el derecho<br/> |
| 020 ## - INTERNATIONAL STANDARD BOOK NUMBER | |
| International Standard Book Number | 978-987-03-1707-4 |
| 100 1# - MAIN ENTRY--PERSONAL NAME | |
| Personal name | Botero Bernal, Andrés |
| 245 10 - TITLE STATEMENT | |
| Title | Ensayos jurídicos sobre teoría del derecho |
| 264 #1 - PRODUCTION, PUBLICATION, DISTRIBUTION, MANUFACTURE, AND COPYRIGHT NOTICE | |
| Place of production, publication, distribution, manufacture | Buenos Aires : |
| Name of producer, publisher, distributor, manufacturer | Universidad de Buenos Aires. Facultad de Derecho. Departamento de Publicaciones |
| Date of production, publication, distribution, manufacture, or copyright notice | 2010 |
| 300 ## - PHYSICAL DESCRIPTION | |
| Extent | xx, 228 p. |
| Dimensions | 24 cm. |
| 505 ## - FORMATTED CONTENTS NOTE | |
| Formatted contents note | 1. Diagnóstico de la eficacia del derecho en Colombia - 2. Nuevos paradigmas científicos y su incidencia en la investigación jurídica - 3. Una aproximación histórico-filosófica al pensamiento de David Hume: sus ideas acerca de la justicia, la propiedad y lo judicial - 4. El culto a la muerte y al fuego como un referente comprensivo de la cultura y del derecho: análisis de un ejemplo; 5. Buscando el gris entre dos teorías del derecho; 6. Recepción crítica (y parcial) de la concepción sobre sistema jurídico y razón práctica de Robert Alexy |
| 590 ## - LOCAL NOTE (RLIN) | |
| Local note | niveau_biblio:m niveau_hierar:0 |
| 856 41 - ELECTRONIC LOCATION AND ACCESS | |
| Uniform Resource Identifier | <a href="https://biblioeco.unsa.edu.ar/pmb/images/libros/Ensayos Juridicos sobre teoria del derecho2-l117904.jpg">https://biblioeco.unsa.edu.ar/pmb/images/libros/Ensayos Juridicos sobre teoria del derecho2-l117904.jpg</a> |
| Link text | Imagen de portada |
| Electronic format type | image/jpeg |
| 942 ## - ADDED ENTRY ELEMENTS (KOHA) | |
| Koha item type | |
| Withdrawn status | Lost status | Damaged status | Not for loan | Home library | Current library | Shelving location | Date acquired | Total checkouts | Full call number | Barcode | Date last seen | Price effective from | Koha item type |
|---|---|---|---|---|---|---|---|---|---|---|---|---|---|
| Biblioteca Prof. Eusebio Cleto del Rey | Biblioteca Prof. Eusebio Cleto del Rey | 07/04/2026 | 340.12 B748 | L117904 | 07/04/2026 | 07/04/2026 | Libro |